O tvare vokatívu mena Ježiš

Bibliographic Details
Main Author: Považaj, Matej, 1942- (Author)
Format: Article
Language:Slovak
ISSN:0023-5202
Subjects:

MARC

LEADER 00000nab a2200000 a 4500
001 vtls008992006
003 SK-MaSNL
005 20260304145752.0
008 250505c2007 xo |||| | | 000 b|slo
015 |a SNBRB2007/05  |2 snkbucl 
035 |a (uuid)8d1e1bd2-01d7-4e9d-8b89-01f182ff2a45 
035 |a urn:nbn:sk:snk-ab1n0h 
035 |a (urnnbn)urn:nbn:sk:snk:ar-004l07 
038 |a SNKBUCL 
040 |a SNKBUCL  |b slo  |c SNKBUCL  |e AACR2 
041 0 |a slo 
044 |a xo  |c SK 
080 |a 811.162.4`366.542  |2 1997 
080 |a 81`366.2:811.162.4  |2 1997 
080 |a 811.162.4`366.2  |2 1997 
080 |a 81`366.542:811.162.4  |2 1997 
100 1 |a Považaj, Matej,  |d 1942-  |4 aut  |9 86590 
245 1 0 |a O tvare vokatívu mena Ježiš  |c Matej Považaj 
650 0 7 |a slovenčina  |2 snkbucl  |9 1350 
650 0 7 |a skloňovanie  |2 snkbucl  |9 14577 
650 0 7 |a oslovenia (lingvistika)  |2 snkbucl  |9 1219563 
650 0 7 |a gramatické pády  |2 snkbucl  |9 1219809 
650 0 7 |a vokatív  |2 snkbucl  |9 337581 
773 0 |t Kultúra slova  |g Roč. 41, č. 1 (2007), s. 59  |x 0023-5202 
850 |a Slovenská národná knižnica 
852 |a Slovenská národná knižnica 
954 |a odborná, vedecká literatúra pôvodná (slovenská)  |2 lita 
958 |a article27 
958 |a OND 
958 |a EUIPO 
999 |c 2936799  |d 2938729